00933nam a2200253 a 4500001001000000003000900010005001700019007000300036008004100039040002500080082001900105110005700124245001800181260004200199300003500241586013400276590002800410650005200438650004200490910000700532942001400539952010900553999001700662000029227DO-SdBNP20251118121150.0ta110414s2009 dr ac 000 0 spa d aDO-SdBNPbspacBNPHU 4bB213R222axxx2 aBanco de Reservas de la República Dominicana9628510aMemoria 2008. aSanto Domingo :bBanReservas,c[2009] a83 p. :bil., retrs. ;c30 cm. aPremio empresarial The Bizz Awards 2007 otorgado por la Confederación Mundial de Negocios, Houston, Estados Unidos de América aInventariado, 2023 / DG 0aBancos centrales954908zRepública Dominicana 0aFinanzas9641zRepública Dominicana aDG 2ddccLBS1 00102ddc51708PDaBNPHUbBNPHUcCTd2023-03-30l0oB213R xxxp2023-1306r2023-03-30w2023-03-30yLBS1 c53201d53201